000 00298nam a2200133Ia 4500
008 150301s2015 xx 000 0 und d
082 _a615.1
_bP09A
100 _aAGARWAL , S.P
245 _aPHARMACEUTICS -||
260 _bBIRLA PUB
300 _a216
650 _aPHARMACEUTICS
942 _2ddc
_cBK
999 _c7230
_d7230